Aktuálne výzvy v cestovnom ruchu

Súčasné trendy v dopyte a v ponuke v cestovnom ruchu. Rast cieľovej skupiny seniorov. Význam generácie Y a Z v cestovnom ruchu. Rozvoj nových cieľových miest. Význam digitálnych médií v ponuke. Trend zdravého životného štýlu. Udržateľnosť rozvoja cestovného ruchu.

Gespeichert in:
Bibliographische Detailangaben
1. Verfasser: Gajdošík, Tomáš
Format: Buchkapitel
Sprache:Slowakisch
Schlagworte:
Tags: Tag hinzufügen
Keine Tags, Fügen Sie das erste Tag hinzu!

MARC

LEADER 00000naa a2200000 4500
001 0220584
005 20231016081148.5
041 0 |a slo 
044 |a SK 
245 1 0 |a Aktuálne výzvy v cestovnom ruchu  |c Tomáš Gajdošík 
520 |a Súčasné trendy v dopyte a v ponuke v cestovnom ruchu. Rast cieľovej skupiny seniorov. Význam generácie Y a Z v cestovnom ruchu. Rozvoj nových cieľových miest. Význam digitálnych médií v ponuke. Trend zdravého životného štýlu. Udržateľnosť rozvoja cestovného ruchu. 
610 2 0 |a ruch cestovný 
610 2 0 |a generácie 
610 2 0 |a seniori 
610 2 0 |a mládež 
610 2 0 |a internet 
610 2 0 |a štýl životný 
610 2 0 |a starostlivosť o zdravie 
610 2 0 |a manažment 
610 2 0 |a ponuka 
610 2 0 |a dopyt 
100 1 |a Gajdošík, Tomáš